000 00458nam a2200169Ia 4500
008 210210b1987 xxu||||| |||| 00| 0 eng d
082 _a576.03 SIND
100 _aSINGLETON (Paul)
245 _aDictionary of microbiology and molecular biology. Ed 2.
250 _a
260 _aNew York.
_bJohn Wiley and Sons
_c1987
300 _a1019
650 _aMicrobiology Dictionary
690 _aMicrobiology
700 _aSAINSBURY (Diana).
906 _a045907
999 _c95365
_d95365